00479pab a2200157 454500008004000000100002000040245008800060260000900148300001300157362000800170650004000178650002500218700002300243700001900266773003600285180718b2000 xxu||||| |||| 00| 0 eng d aHamilton, Diane aA decision model for integration across the business curriculum in the 21st century c2000 ap.102-26 aFeb aManagement education - 21st century aManagement education aMirchandani, Dilip aMcFarland, Dan aJournal of Management Education